[Event "34th Olympiad"]
[Site "Istanbul TUR"]
[Date "2000.10.28"]
[Round "1"]
[White "Ehlvest, J."]
[Black "Kesmaecker, P."]
[Result "1-0"]
[WhiteElo "2627"]
[BlackElo "2293"]
[PlyCount "101"]
[EventDate "2000.10.28"]

1. d4 e6 2. Nf3 f5 3. g3 Nf6 4. Bg2 d5 5. c4 c6 6. O-O Bd6 7. b3 Qe7 8. Nc3
Nbd7 9. Bf4 Bxf4 10. gxf4 Ne4 11. Rc1 O-O 12. e3 Rf6 13. Ne2 Rh6 14. Qe1 Nf8
15. Ne5 Bd7 16. f3 Nf6 17. Rf2 Ng6 18. Bf1 Nh4 19. Kh1 Be8 20. Ng3 Bh5 21. Be2
Kh8 22. Qa5 a6 23. Rg1 Rg8 24. b4 dxc4 25. Qc5 Re8 26. Nxh5 Rxh5 27. Bxc4 Nd5
28. Bxd5 exd5 29. Qxe7 Rxe7 30. a4 Ng6 31. Rxg6 Rxe5 32. Rxc6 bxc6 33. fxe5 Rh6
34. Rc2 Kg8 35. f4 Kf7 36. Kg2 Ke7 37. h3 Kd7 38. Rc5 g5 39. fxg5 Rh5 40. b5
Rxg5+ 41. Kf2 axb5 42. axb5 cxb5 43. Rxb5 Ke6 44. Rb6+ Ke7 45. Rh6 Rg7 46. Rd6
Rg5 47. Rxd5 Rh5 48. Kg3 Rg5+ 49. Kf4 Rh5 50. Ra5 Rxh3 51. d5 1-0

[Event "34th Olympiad"]
[Site "Istanbul TUR"]
[Date "2000.10.30"]
[Round "3"]
[White "Ehlvest, J."]
[Black "Shirov, A."]
[Result "1/2-1/2"]
[WhiteElo "2627"]
[BlackElo "2746"]
[PlyCount "41"]
[EventDate "2000.10.28"]

1. Nf3 Nf6 2. d4 g6 3. Bg5 Bg7 4. e3 c5 5. c3 Qb6 6. Qb3 d5 7. Nbd2 Nc6 8. Be2
O-O 9. O-O Bf5 10. dxc5 Qxc5 11. Nd4 Nxd4 12. exd4 Qd6 13. Rfe1 b6 14. a4 a5
15. Bh4 Bh6 16. Bg3 Bf4 17. Nf1 Bxg3 18. Nxg3 Bd7 19. Nf1 Rfe8 20. Bd3 Rab8 21.
Nd2 1/2-1/2

[Event "34th Olympiad"]
[Site "Istanbul TUR"]
[Date "2000.11.07"]
[Round "10"]
[White "Ehlvest, J."]
[Black "Torre, E."]
[Result "1/2-1/2"]
[WhiteElo "2627"]
[BlackElo "2552"]
[PlyCount "45"]
[EventDate "2000.10.28"]

1. Nf3 d5 2. d4 Nf6 3. c4 c6 4. Nc3 dxc4 5. a4 Bf5 6. Ne5 Nbd7 7. Nxc4 Qc7 8.
g3 e5 9. dxe5 Nxe5 10. Bf4 Nfd7 11. a5 f6 12. Qc1 Be6 13. Nxe5 fxe5 14. Be3 a6
15. Qc2 Bb4 16. Qa4 Qd6 17. Bg2 Nc5 18. Bxc5 Qxc5 19. O-O Bxc3 20. bxc3 O-O 21.
Qb4 Qxb4 22. cxb4 Bc4 23. Rac1 1/2-1/2

[Event "34th Olympiad"]
[Site "Istanbul TUR"]
[Date "2000.11.12"]
[Round "14"]
[White "Andersson, U."]
[Black "Ehlvest, J."]
[Result "1/2-1/2"]
[WhiteElo "2641"]
[BlackElo "2627"]
[PlyCount "24"]
[EventDate "2000.10.28"]

1. Nf3 d5 2. d4 Nf6 3. c4 c6 4. cxd5 cxd5 5. Nc3 a6 6. Bf4 Qb6 7. Na4 Qa5+ 8.
Bd2 Qd8 9. Rc1 Nbd7 10. Bf4 Qa5+ 11. Bd2 Qd8 12. Bf4 Qa5+ 1/2-1/2

[Event "34th Olympiad"]
[Site "Istanbul TUR"]
[Date "2000.10.29"]
[Round "2"]
[White "Rytshagov, M."]
[Black "Gonzalez Garcia, J."]
[Result "1/2-1/2"]
[WhiteElo "2529"]
[BlackElo "2440"]
[PlyCount "81"]
[EventDate "2000.10.28"]

1. e4 c5 2. Nf3 g6 3. d4 Bg7 4. d5 d6 5. Bb5+ Bd7 6. a4 Nf6 7. Nc3 O-O 8. O-O
Bxb5 9. axb5 Nbd7 10. Qe2 Ne8 11. Bf4 Nc7 12. Rfe1 Ne5 13. Nxe5 Bxe5 14. Bxe5
dxe5 15. Na4 Qd6 16. c4 b6 17. Nc3 a6 18. bxa6 Nxa6 19. Nb5 Qd7 20. h3 Nc7 21.
Qg4 Qxg4 22. hxg4 Nxb5 23. cxb5 Rxa1 24. Rxa1 Rd8 25. g5 Rd6 26. Ra8+ Kg7 27.
Rc8 Rd7 28. Rc6 Rb7 29. g3 h6 30. gxh6+ Kxh6 31. f4 exf4 32. gxf4 Ra7 33. Rxb6
Ra1+ 34. Kf2 Rb1 35. e5 (35. Ke3 Rxb2 36. Kd3 Rb4 37. Rb7 f5 38. exf5 gxf5 39.
Rxe7 Rxb5 40. Kc4 Rb4+ 41. Kxc5 Rxf4 42. d6) 35... Rxb2+ 36. Ke3 Rb3+ 37. Kd2
c4 38. d6 (38. Kc2 Rd3 39. d6 exd6 40. Rxd6 Rb3 41. b6 Kh5) (38. Rb7 g5 39.
Rxe7 gxf4 40. Rxf7 c3+ 41. Kd3 Rxb5) 38... exd6 39. exd6 Kg7 40. Kc2 Kf6 41.
d7+ 1/2-1/2

[Event "34th Olympiad"]
[Site "Istanbul TUR"]
[Date "2000.10.30"]
[Round "3"]
[White "Vallejo Pons, F."]
[Black "Rytshagov, M."]
[Result "1-0"]
[WhiteElo "2554"]
[BlackElo "2529"]
[PlyCount "97"]
[EventDate "2000.10.28"]

1. Nf3 c5 2. e4 d6 3. d4 cxd4 4. Nxd4 Nf6 5. Nc3 a6 6. h3 e5 7. Nde2 h5 8. Bg5
Be7 9. Ng3 g6 10. Bc4 Be6 11. Bb3 Nbd7 12. O-O Rc8 13. Qf3 Nc5 14. Rad1 Nxb3
15. axb3 h4 16. Nge2 Nh5 17. Bxe7 Qxe7 18. Qd3 Rc6 19. f4 exf4 20. Qd4 O-O 21.
Nxf4 Nxf4 22. Rxf4 b5 23. Qf2 Rfc8 24. Rd2 Rc5 25. Nd5 Bxd5 26. exd5 Qe5 27.
Rxf7 Rxd5 28. Rf6 Kg7 29. Rf7+ Kg8 30. Rf6 Kg7 31. Rf7+ Kg8 32. Rxd5 Qxd5 33.
Rf4 Qc5 34. c3 Re8 35. Rd4 Kg7 36. b4 Qa7 37. Qxh4 Re2 38. Kh2 Rxb2 39. Rxd6
Rf2 40. Qg3 Qf7 41. Rxa6 Rf5 42. Rc6 Qe8 43. Rc7+ Rf7 44. Rc5 Re7 45. Qd6 Re4
46. Qc6 Qb8+ 47. Qc7+ Qxc7+ 48. Rxc7+ Kf6 49. Rc6+ 1-0

[Event "34th Olympiad"]
[Site "Istanbul TUR"]
[Date "2000.10.31"]
[Round "4"]
[White "Lputian, S."]
[Black "Rytshagov, M."]
[Result "1-0"]
[WhiteElo "2598"]
[BlackElo "2529"]
[PlyCount "109"]
[EventDate "2000.10.28"]

1. d4 Nf6 2. Bg5 Ne4 3. Bf4 d5 4. e3 c5 5. Bd3 cxd4 6. Bxe4 dxe4 7. Qxd4 Qxd4
8. exd4 Nc6 9. c3 b6 10. Nd2 Bb7 11. Ne2 O-O-O 12. Ng3 h6 13. h4 g6 14. Ndxe4
Bg7 15. O-O-O f5 16. Nd2 e5 17. dxe5 Nxe5 18. Bxe5 Bxe5 19. Nf3 Bf6 20. Rxd8+
Rxd8 21. Ne2 Re8 22. Kd2 Rd8+ 23. Kc1 Re8 24. Ned4 f4 25. h5 Rg8 26. Rh2 g5 27.
g4 fxg3 28. fxg3 g4 29. Nh4 Bg5+ 30. Kd1 Re8 31. Nhf5 Kc7 32. Re2 Rxe2 33. Kxe2
Bd5 34. Ne3 Bf7 35. Nxg4 Bxh5 36. Kf3 a6 37. Ne2 Kd6 38. Nf4 Bf7 39. b3 h5 40.
Nf2 Ke5 41. N2d3+ Kf5 42. c4 Be8 43. Nb4 a5 44. Nbd5 Bc6 45. Nxh5 b5 46. Nhf4
a4 47. cxb5 Bxb5 48. Ne3+ Ke5 49. Nc4+ Kf6 50. Nd5+ Kg6 51. Ke4 axb3 52. axb3
Be8 53. Nf4+ Kh6 54. Kd5 Bf7+ 55. Kc6 1-0

[Event "34th Olympiad"]
[Site "Istanbul TUR"]
[Date "2000.11.02"]
[Round "6"]
[White "Rytshagov, M."]
[Black "Simutowe, A."]
[Result "1-0"]
[WhiteElo "2529"]
[BlackElo "2322"]
[PlyCount "95"]
[EventDate "2000.10.28"]

1. e4 c5 2. Nf3 d6 3. d4 cxd4 4. Nxd4 Nf6 5. Nc3 a6 6. Be2 Nc6 7. Be3 g6 8. Qd2
Bg7 9. O-O-O Ng4 10. Bxg4 Bxg4 11. f3 Bd7 12. Nxc6 bxc6 13. Bd4 f6 14. g4 Qa5
15. g5 O-O 16. gxf6 Rxf6 17. Bxf6 Bxf6 18. f4 Be6 19. a3 Rb8 20. Qe3 g5 21. e5
dxe5 22. fxg5 Bg7 23. Qa7 Re8 24. Ne4 Bf5 25. Rhe1 Qa4 26. Qc5 h6 27. b3 Qb5
28. gxh6 Bxh6+ 29. Kb2 Bf4 30. Qc3 Kf7 31. Nc5 Bg4 32. a4 Qb8 33. Qc4+ e6 34.
Rd7+ Re7 35. Nxa6 Qh8 36. Rxe7+ Kxe7 37. Nc5 Qxh2 38. Ne4 Qh4 39. Qc5+ Kf7 40.
Rg1 Bh2 41. Rf1+ Bf5 42. Qxc6 Bf4 43. Qd7+ Qe7 44. Nd6+ Kf6 45. Qxe7+ Kxe7 46.
Nxf5+ exf5 47. Kc3 Ke6 48. Rxf4 1-0

[Event "34th Olympiad"]
[Site "Istanbul TUR"]
[Date "2000.11.04"]
[Round "7"]
[White "Rytshagov, M."]
[Black "Miladinovic, I."]
[Result "1-0"]
[WhiteElo "2529"]
[BlackElo "2563"]
[PlyCount "83"]
[EventDate "2000.10.28"]

1. e4 c5 2. Nf3 Nc6 3. d4 cxd4 4. Nxd4 Qc7 5. Nc3 e6 6. Be2 a6 7. O-O Nf6 8.
Be3 Bb4 9. Na4 Be7 10. Nxc6 bxc6 11. Nb6 Rb8 12. Nxc8 Qxc8 13. Bd4 Nxe4 14.
Bxg7 Rg8 15. Be5 d6 16. Qd3 f5 17. Bh5+ Kd7 18. Rad1 Rb5 19. Bf4 Qb8 20. b3 Bg5
21. Bxg5 Nxg5 22. c4 Rb4 23. f4 Ne4 24. Bf3 Nc5 25. Qd4 Nb7 26. Rfe1 Qd8 27.
Re3 Qb6 28. Qd3 Qa5 29. Qe2 Re8 30. Kh1 Rb6 31. Qc2 Re7 32. Qe2 Qb4 33. Re1 Nc5
34. g4 fxg4 35. Bxg4 Rb8 36. f5 Rf8 37. fxe6+ Kc7 38. Rd1 Rf4 39. Bh3 a5 40.
Qg2 Qb8 41. Rxd6 Qe8 42. Qg3 1-0

[Event "34th Olympiad"]
[Site "Istanbul TUR"]
[Date "2000.10.28"]
[Round "1"]
[White "Kulaots, K."]
[Black "Farleigh, R."]
[Result "1-0"]
[WhiteElo "2491"]
[BlackElo "2199"]
[PlyCount "129"]
[EventDate "2000.10.28"]

1. e4 g6 2. d4 Bg7 3. Nc3 c6 4. Bc4 d6 5. Qf3 e6 6. Nge2 Nd7 7. O-O Ngf6 8. Bg5
O-O 9. Bb3 e5 10. Rad1 Qe7 11. Qg3 h6 12. Be3 Kh7 13. f4 exd4 14. Bxd4 b5 15.
e5 dxe5 16. fxe5 Nh5 17. Qf2 Bxe5 18. Qxf7+ Rxf7 19. Rxf7+ Qxf7 20. Bxf7 Kg7
21. Be6 Nhf6 22. Re1 b4 23. Na4 Bd6 24. Rd1 Be5 25. Bxe5 Nxe5 26. Rd8 Bb7 27.
Rxa8 Bxa8 28. Nc5 Kf8 29. Kf2 Ke7 30. Ke3 Neg4+ 31. Bxg4 Nxg4+ 32. Kd4 Nxh2 33.
Nf4 g5 34. Nfd3 a5 35. Ne5 h5 36. Nc4 h4 37. Nb6 g4 38. Nxa8 Nf1 39. Ne4 h3 40.
gxh3 gxh3 41. Nf2 h2 42. Nh1 Nd2 43. Nb6 Nf3+ 44. Ke3 Ne1 45. Kd2 Nf3+ 46. Ke2
Ne5 47. Ke3 Kd6 48. Ke4 c5 49. b3 Nc6 50. Nc4+ Ke6 51. Ne3 Nd4 52. Kd3 Kd7 53.
Ng4 Nf3 54. Ke4 Ne1 55. Kd5 Nxc2 56. Kxc5 Na3 57. Nxh2 Nb1 58. Kc4 Kc6 59. Nf3
Kb6 60. Nf2 Na3+ 61. Kd5 a4 62. Nd4 Nb1 63. Ne4 axb3 64. axb3 Na3 65. Nd2 1-0

[Event "34th Olympiad"]
[Site "Istanbul TUR"]
[Date "2000.10.29"]
[Round "2"]
[White "Estrada Nieto, J."]
[Black "Kulaots, K."]
[Result "1/2-1/2"]
[WhiteElo "2397"]
[BlackElo "2491"]
[PlyCount "43"]
[EventDate "2000.10.28"]

1. e4 c5 2. c3 Nf6 3. e5 Nd5 4. Nf3 Nc6 5. d4 cxd4 6. cxd4 d6 7. Bc4 Nb6 8. Bb5
dxe5 9. Nxe5 Bd7 10. Nxd7 Qxd7 11. Nc3 e6 12. Qg4 a6 13. Bxc6 Qxc6 14. O-O Nd5
15. Be3 Nf6 16. Qe2 Be7 17. Rfd1 O-O 18. Rac1 Qd7 19. Bg5 Rac8 20. d5 exd5 21.
Bxf6 Bxf6 22. Nxd5 1/2-1/2

[Event "34th Olympiad"]
[Site "Istanbul TUR"]
[Date "2000.10.30"]
[Round "3"]
[White "Kulaots, K."]
[Black "Moreno, J."]
[Result "1-0"]
[WhiteElo "2491"]
[BlackElo "2515"]
[PlyCount "101"]
[EventDate "2000.10.28"]

1. e4 c5 2. Nf3 d6 3. d4 cxd4 4. Nxd4 Nf6 5. Nc3 a6 6. Be2 e5 7. Nb3 Be7 8. O-O
O-O 9. Kh1 b6 10. a4 Bb7 11. f3 Nc6 12. Bg5 Nb4 13. Nb1 h6 14. Bxf6 Bxf6 15.
Na3 Qc7 16. Qd2 Nc6 17. Nc4 Rad8 18. Qe3 Nd4 19. Nxd4 exd4 20. Qb3 d5 21. exd5
Bxd5 22. Qxb6 Rc8 23. Qxc7 Rxc7 24. Nb6 Bb7 25. Bd3 Rd8 26. b4 Be7 27. Rfb1 Rb8
28. a5 g6 29. Kg1 Kg7 30. Ra2 Bd8 31. Rab2 Bg5 32. Na4 Bc8 33. b5 axb5 34. Rxb5
Rxb5 35. Rxb5 Bd2 36. Nc5 h5 37. Nb3 Be3+ 38. Kf1 Ba6 39. Rb6 Bxd3+ 40. cxd3
Rc2 41. a6 Ra2 42. h4 Rf2+ 43. Kg1 f6 44. Kh2 Ra2 45. Rb7+ Kh6 46. a7 g5 47.
hxg5+ Kxg5 48. Rb5+ Kh4 49. Ra5 Bf4+ 50. Kg1 Re2 51. Kf1 1-0

[Event "34th Olympiad"]
[Site "Istanbul TUR"]
[Date "2000.10.31"]
[Round "4"]
[White "Kulaots, K."]
[Black "Minasian, Art"]
[Result "1/2-1/2"]
[WhiteElo "2491"]
[BlackElo "2595"]
[PlyCount "101"]
[EventDate "2000.10.28"]

1. e4 e6 2. d4 d5 3. Nc3 Be7 4. Bd3 Nc6 5. Nf3 Nb4 6. Bb5+ c6 7. Be2 dxe4 8.
Nxe4 Nf6 9. Nxf6+ Bxf6 10. O-O O-O 11. c3 Nd5 12. Qd3 b6 13. Qe4 Bb7 14. c4 Ne7
15. Rd1 Ng6 16. Qg4 Qe7 17. Bg5 Rfd8 18. Bxf6 Qxf6 19. Ng5 Rd7 20. c5 Qe7 21.
Qh5 h6 22. Ne4 Rd5 23. Qf3 Rad8 24. Qe3 bxc5 25. dxc5 Ba6 26. Rxd5 exd5 27.
Bxa6 dxe4 28. b4 f5 29. Re1 Ne5 30. f3 Qf6 31. fxe4 f4 32. Qb3+ Kh8 33. Rd1 Ng4
34. e5 Rxd1+ 35. Qxd1 Qh4 36. h3 Nxe5 37. Qe2 Qf6 38. Qe4 f3 39. Kf2 fxg2+ 40.
Kxg2 Qg5+ 41. Kf2 Qf6+ 42. Ke3 g5 43. Be2 Kg7 44. a4 Kf8 45. b5 Nd7 46. bxc6
Nxc5 47. Qf3 Qxf3+ 48. Kxf3 Nxa4 49. c7 Nb6 50. Ba6 h5 51. c8=Q+ 1/2-1/2

[Event "34th Olympiad"]
[Site "Istanbul TUR"]
[Date "2000.11.01"]
[Round "5"]
[White "Movsesian, S."]
[Black "Kulaots, K."]
[Result "1-0"]
[WhiteElo "2666"]
[BlackElo "2491"]
[PlyCount "93"]
[EventDate "2000.10.28"]

1. e4 c5 2. Nf3 d6 3. d4 cxd4 4. Nxd4 Nf6 5. Nc3 a6 6. f3 e6 7. Be3 b5 8. Qd2
Nbd7 9. g4 h6 10. O-O-O Bb7 11. h4 b4 12. Na4 Qa5 13. b3 Nc5 14. a3 Rc8 15.
Qxb4 Qc7 16. Kb1 Nfd7 17. Nb2 d5 18. Qd2 dxe4 19. f4 Nf6 20. Bc4 Nxg4 21. f5 e5
22. Ne2 Nxe3 23. Qxe3 Nd7 24. b4 Nf6 25. Qb3 h5 26. Rh3 Bd6 27. Rc3 Qd7 28. Na4
Qe7 29. Nb6 Rc6 30. Bxf7+ Qxf7 31. Qxf7+ Kxf7 32. Rxc6 Bxc6 33. Rxd6 Bb7 34.
Nc4 Rc8 35. Nxe5+ Kg8 36. Re6 Rd8 37. Ng6 Kh7 38. Ne7 Rd1+ 39. Kb2 Rh1 40. Rb6
Bd5 41. Rxf6 gxf6 42. Nxd5 Rxh4 43. c4 Rh2 44. Ndf4 h4 45. b5 axb5 46. cxb5 h3
47. b6 1-0

[Event "34th Olympiad"]
[Site "Istanbul TUR"]
[Date "2000.11.07"]
[Round "10"]
[White "Kulaots, K."]
[Black "Nadera, B."]
[Result "1/2-1/2"]
[WhiteElo "2491"]
[BlackElo "2403"]
[PlyCount "121"]
[EventDate "2000.10.28"]

1. d4 d5 2. c4 e6 3. Nc3 Nf6 4. Nf3 Nbd7 5. Bg5 Be7 6. e3 h6 7. Bh4 O-O 8. Rc1
b6 9. cxd5 exd5 10. Qa4 a6 11. Qc6 Ra7 12. Bg3 Nb8 13. Qa4 Bd7 14. Qd1 Be6 15.
Bd3 c5 16. Bb1 c4 17. O-O b5 18. Ne5 Nfd7 19. Qc2 Nf6 20. Ne2 Qc8 21. Nf4 Rd8
22. Bh4 Kf8 23. f3 Nc6 24. Bf2 g5 25. Nxe6+ Qxe6 26. Nxc6 Qxc6 27. Kh1 Kg7 28.
e4 Rh8 29. Rce1 Bb4 30. Re2 Nh5 31. g3 Re7 32. a3 Bd6 33. e5 Bc7 34. f4 Kf8 35.
f5 f6 36. Be1 a5 37. e6 Ng7 38. Bc3 h5 39. Bd2 Ne8 40. Qc1 h4 41. g4 Rg8 42.
Qe1 Qb6 43. Qf2 Bd6 44. Bc2 Nc7 45. Rb1 b4 46. axb4 axb4 47. Ba4 Rh7 48. Bd7
Ke7 49. Ra1 Rhg7 50. Ree1 Rb8 51. Ra4 Rgg8 52. Rea1 h3 53. Be3 c3 54. Qc2 Rh8
55. Rb1 Rh4 56. Rg1 Rhh8 57. Rb1 Rh4 58. Rg1 Rhh8 59. Rb1 Rh4 60. Rg1 Rhh8 61.
Rb1 1/2-1/2

[Event "34th Olympiad"]
[Site "Istanbul TUR"]
[Date "2000.11.10"]
[Round "13"]
[White "Kulaots, K."]
[Black "Orr, M."]
[Result "1-0"]
[WhiteElo "2491"]
[BlackElo "2309"]
[PlyCount "101"]
[EventDate "2000.10.28"]

1. d4 d5 2. c4 c6 3. Nc3 Nf6 4. e3 g6 5. Nf3 Bg7 6. Be2 O-O 7. O-O Bg4 8. cxd5
cxd5 9. Qb3 Bc8 10. Bd2 e6 11. Rac1 a6 12. Ne5 Nfd7 13. Nxd7 Nxd7 14. Na4 b5
15. Nc5 Re8 16. Nd3 Nf6 17. Rc2 Ne4 18. Rfc1 Nxd2 19. Rxd2 Bd7 20. Rdc2 Bf8 21.
Nc5 Bd6 22. a3 Qe7 23. Qd3 Bxc5 24. Rxc5 Rec8 25. Qd2 Qd8 26. h3 Kg7 27. Kf1
Rxc5 28. Rxc5 Rc8 29. Qc3 Kf8 30. Ke1 Ke8 31. Kd2 Rxc5 32. dxc5 Qc7 33. f4 h5
34. g4 hxg4 35. hxg4 Ke7 36. g5 Be8 37. b4 Kd8 38. Bd3 Qe7 39. Qe5 Kc8 40. Kc3
Bc6 41. a4 Qf8 42. a5 Kd7 43. Qf6 Qg8 44. f5 gxf5 45. Bxf5 Qe8 46. Bg4 Qe7 47.
Bh5 Ke8 48. Kd4 Bb7 49. Qg7 Bc6 50. Qg8+ Kd7 51. Ke5 1-0

[Event "34th Olympiad"]
[Site "Istanbul TUR"]
[Date "2000.11.12"]
[Round "14"]
[White "Hector, J."]
[Black "Kulaots, K."]
[Result "0-1"]
[WhiteElo "2509"]
[BlackElo "2491"]
[PlyCount "136"]
[EventDate "2000.10.28"]

1. e4 c5 2. Nf3 d6 3. d4 cxd4 4. Nxd4 Nf6 5. Nc3 a6 6. Bg5 e6 7. f4 Qc7 8. Qf3
b5 9. f5 Nc6 10. Nxc6 Qxc6 11. Bxf6 gxf6 12. Bd3 Ra7 13. O-O-O b4 14. Ne2 e5
15. Kb1 a5 16. Nc1 Bh6 17. Qe2 Ke7 18. Bb5 Qb6 19. Ba4 Ba6 20. Qh5 Bxc1 21. Bb3
Rf8 22. Rxc1 a4 23. Bd5 a3 24. Rcd1 axb2 25. Rhe1 Qc5 26. Qf3 Bc4 27. Bxc4 Qxc4
28. Qb3 Qc6 29. Qd5 Qc7 30. Re2 Ra5 31. Qb3 Rfa8 32. Rd3 Ra3 33. Qxb2 Qa7 34.
Rxa3 bxa3 35. Qc3 Qb6+ 36. Kc1 Ra4 37. Re3 Qb7 38. Qb3 Qxb3 39. Rxb3 Rxe4 40.
Rxa3 Re2 41. Ra7+ Kf8 42. Rd7 Rxg2 43. Rxd6 Rxh2 44. Kb2 Ke7 45. Rd1 Rf2 46. a4
Rxf5 47. a5 Rg5 48. a6 Rg8 49. Kb3 f5 50. Kb4 f4 51. a7 Ke6 52. Kc5 f3 53. Rf1
e4 54. Kd4 Kf5 55. Ke3 Ra8 56. Ra1 Kg4 57. c4 Kg3 58. Rg1+ Kh2 59. Ra1 Kg2 60.
c5 f5 61. Ra2+ Kg3 62. c6 f4+ 63. Kxe4 f2 64. Ra1 Rxa7 65. Rxa7 f1=Q 66. Rg7+
Kf2 67. Kxf4 Qc1+ 68. Kf5 Qxc6 0-1

[Event "34th Olympiad"]
[Site "Istanbul TUR"]
[Date "2000.10.30"]
[Round "3"]
[White "Gomez Esteban, J."]
[Black "Sepp, O."]
[Result "1/2-1/2"]
[WhiteElo "2516"]
[BlackElo "2439"]
[PlyCount "108"]
[EventDate "2000.10.28"]

1. d4 Nf6 2. c4 g6 3. g3 Bg7 4. Bg2 O-O 5. Nc3 d6 6. Nf3 Nbd7 7. O-O e5 8. h3
c6 9. e4 Ne8 10. Re1 exd4 11. Nxd4 Qb6 12. Nf3 Ne5 13. Nxe5 dxe5 14. b3 Nc7 15.
Be3 Qb4 16. Qd2 Ne6 17. Rad1 Re8 18. Ne2 Qxd2 19. Rxd2 Bf8 20. Red1 Bb4 21. Rd3
c5 22. Nc3 Bxc3 23. Rxc3 Nd4 24. Rd2 Bd7 25. f4 Rad8 26. Rcd3 f6 27. fxe5 fxe5
28. Bg5 Rb8 29. Bh6 a5 30. Rf2 a4 31. Kh2 b5 32. cxb5 axb3 33. axb3 Bxb5 34.
Rc3 Rec8 35. h4 Bd7 36. Bf1 Be6 37. Bc4 Bxc4 38. bxc4 Rc7 39. Ra3 Rf7 40. Raa2
Rxf2+ 41. Rxf2 Nc6 42. Ra2 Nd8 43. Be3 Ne6 44. Ra6 Kf7 45. Ra7+ Ke8 46. Rxh7
Rb2+ 47. Kh3 Re2 48. Bh6 Rxe4 49. Bg7 Rxc4 50. Bf6 Kf8 51. Bxe5 Re4 52. Rh8+
Kf7 53. Rh7+ Kg8 54. Rh8+ Kf7 1/2-1/2

[Event "34th Olympiad"]
[Site "Istanbul TUR"]
[Date "2000.11.01"]
[Round "5"]
[White "Sepp, O."]
[Black "Hracek, Z."]
[Result "0-1"]
[WhiteElo "2439"]
[BlackElo "2612"]
[PlyCount "130"]
[EventDate "2000.10.28"]

1. e4 c5 2. Nf3 d6 3. c3 Nf6 4. Be2 g6 5. O-O Bg7 6. Bb5+ Nbd7 7. Re1 a6 8. Bf1
O-O 9. d4 cxd4 10. cxd4 e5 11. Nc3 exd4 12. Nxd4 Re8 13. Nc2 Ne5 14. h3 b5 15.
a4 bxa4 16. Rxa4 Bb7 17. Bg5 h6 18. Bh4 Qc7 19. Ne3 Qc5 20. Qd2 Ned7 21. Bg3
Nb6 22. Raa1 Nxe4 23. Nxe4 Rxe4 24. Qxd6 Qxd6 25. Bxd6 a5 26. Ba3 Ba6 27. Bxa6
Rxa6 28. Rac1 Ra8 29. Kf1 Re5 30. Re2 Rb5 31. Rc6 Rd8 32. Rec2 Na4 33. Rc8 Rxc8
34. Rxc8+ Kh7 35. Nc4 Nxb2 36. Bxb2 Bxb2 37. Nxb2 Rxb2 38. Ra8 Rb5 39. h4 h5
40. Ra6 Kg7 41. g3 Kf8 42. Ra7 Ke8 43. Ke2 Re5+ 44. Kf3 Kd8 45. Kg2 Rf5 46. f3
Kc8 47. g4 Kb8 48. Re7 Rf6 49. gxh5 gxh5 50. Re5 Rg6+ 51. Kf1 Ra6 52. Rxh5 Kc7
53. Rd5 a4 54. Rd1 Kc6 55. Ke2 a3 56. h5 Kc5 57. Ke3 a2 58. Ra1 Kc4 59. Kf4 Kb3
60. Kg5 Ra5+ 61. Kg4 Kb2 62. Rxa2+ Rxa2 63. h6 Kc3 64. f4 Rh2 65. Kg5 Kd4 0-1

[Event "34th Olympiad"]
[Site "Istanbul TUR"]
[Date "2000.11.02"]
[Round "6"]
[White "Lungu, N."]
[Black "Sepp, O."]
[Result "0-1"]
[WhiteElo "2200"]
[BlackElo "2439"]
[PlyCount "50"]
[EventDate "2000.10.28"]

1. e4 e5 2. Nf3 Nc6 3. Bc4 Nf6 4. Nc3 Nxe4 5. Nxe4 d5 6. Bd3 dxe4 7. Bxe4 Bd6
8. d4 exd4 9. Bxc6+ bxc6 10. Qxd4 O-O 11. O-O Bf5 12. Bg5 Qd7 13. c4 c5 14. Qc3
Be4 15. Rfe1 Rae8 16. Bh4 f5 17. Ng5 Bc6 18. Nh3 f4 19. f3 Qf5 20. Kh1 h6 21.
Rxe8 Rxe8 22. Re1 Be5 23. Qa3 Bd4 24. Qa5 Rxe1+ 25. Qxe1 Qxh3 0-1

[Event "34th Olympiad"]
[Site "Istanbul TUR"]
[Date "2000.11.09"]
[Round "12"]
[White "Sepp, O."]
[Black "Spraggett, K."]
[Result "0-1"]
[WhiteElo "2439"]
[BlackElo "2501"]
[PlyCount "62"]
[EventDate "2000.10.28"]

1. e4 c5 2. Nf3 e6 3. c3 d5 4. exd5 exd5 5. d4 Nf6 6. Bb5+ Bd7 7. Bxd7+ Nbxd7
8. O-O Be7 9. dxc5 Nxc5 10. Nbd2 O-O 11. Nb3 Nce4 12. Qd3 Re8 13. Bf4 a6 14.
Nfd4 Qd7 15. Rad1 Bf8 16. h3 g6 17. Rfe1 Nh5 18. Be3 Qc7 19. Ne2 Rad8 20. g4
Nhf6 21. Kg2 h5 22. f3 hxg4 23. hxg4 Nd6 24. Bg5 Bg7 25. Nf4 Nc4 26. Bxf6 Qxf4
27. Bxd8 Ne3+ 28. Rxe3 Rxe3 29. Qf1 Be5 30. Qf2 Qh2+ 31. Kf1 Qh1+ 0-1

[Event "34th Olympiad"]
[Site "Istanbul TUR"]
[Date "2000.10.31"]
[Round "4"]
[White "Asrian, K."]
[Black "Kiik, K."]
[Result "1/2-1/2"]
[WhiteElo "2566"]
[BlackElo "2442"]
[PlyCount "76"]
[EventDate "2000.10.28"]

1. e4 g6 2. d4 Bg7 3. Nf3 c6 4. c3 d6 5. Bd3 Nf6 6. O-O O-O 7. Re1 Qc7 8. Bg5
h6 9. Bh4 e5 10. Nbd2 Nbd7 11. a4 Re8 12. Nc4 Nh5 13. Bc2 Nb6 14. Ne3 a5 15.
dxe5 dxe5 16. Bb3 Nf4 17. Qc2 Be6 18. Bxe6 Nxe6 19. Rad1 Nc5 20. b3 Qc8 21. Nd2
Qe6 22. f3 Bf8 23. Bf2 Kh7 24. Qb1 Red8 25. Ndc4 Nxc4 26. Nxc4 Rxd1 27. Rxd1 b5
28. axb5 cxb5 29. Nd2 Rd8 30. b4 Na4 31. Qc2 axb4 32. cxb4 Bxb4 33. Nf1 Rxd1
34. Qxd1 Bc5 35. Bxc5 Nxc5 36. Ne3 b4 37. Qc1 Nb3 38. Qb2 Nd4 1/2-1/2

[Event "34th Olympiad"]
[Site "Istanbul TUR"]
[Date "2000.11.01"]
[Round "5"]
[White "Babula, V."]
[Black "Kiik, K."]
[Result "1-0"]
[WhiteElo "2582"]
[BlackElo "2442"]
[PlyCount "57"]
[EventDate "2000.10.28"]

1. d4 g6 2. c4 Bg7 3. e4 c5 4. d5 d6 5. Nc3 Nf6 6. h3 O-O 7. Nf3 e6 8. Bd3 Na6
9. O-O Nc7 10. Re1 e5 11. Bg5 h6 12. Be3 Kh7 13. Kh2 a6 14. a4 a5 15. Rg1 b6
16. g4 Ra7 17. Qd2 Ng8 18. Ne2 Ne8 19. Rg2 Kh8 20. Ng3 Nef6 21. g5 hxg5 22.
Nxg5 Nh7 23. Nxh7 Kxh7 24. Rag1 f6 25. f4 Qe8 26. f5 gxf5 27. exf5 Raf7 28. Ne4
Qd8 29. Qf2 1-0

[Event "34th Olympiad"]
[Site "Istanbul TUR"]
[Date "2000.11.02"]
[Round "6"]
[White "Kiik, K."]
[Black "Chumfwa, S."]
[Result "1-0"]
[WhiteElo "2442"]
[BlackElo "2200"]
[PlyCount "76"]
[EventDate "2000.10.28"]

1. e4 c5 2. c3 Nf6 3. e5 Nd5 4. d4 cxd4 5. Qxd4 e6 6. Bc4 Nc6 7. Qe4 d6 8. exd6
Nf6 9. Qe2 Bxd6 10. Nf3 O-O 11. Bg5 b6 12. Nbd2 Be7 13. Rd1 Qc7 14. Bh4 Bb7 15.
Bg3 Qc8 16. h3 Nb8 17. O-O Nbd7 18. Nd4 Nc5 19. Be5 a6 20. a3 b5 21. Ba2 Nd5
22. N2f3 Re8 23. Rfe1 Bf6 24. Bg3 Nd7 25. h4 N7b6 26. Bb1 g6 27. h5 e5 28. hxg6
hxg6 29. Bxe5 Nc4 30. Bxg6 fxg6 31. Qc2 Nxe5 32. Nxe5 Nf4 33. Nxg6 Nh3+ 34. Kh2
Qg4 35. f3 Qh5 36. gxh3 Bxf3 37. Nxf3 Qxf3 38. Qg2 Qxg2+ 1-0

[Event "34th Olympiad"]
[Site "Istanbul TUR"]
[Date "2000.10.29"]
[Round "2"]
[White "Zjukin, S."]
[Black "Russek, G."]
[Result "1/2-1/2"]
[WhiteElo "2402"]
[BlackElo "2400"]
[PlyCount "39"]
[EventDate "2000.10.28"]

1. e4 e6 2. d4 d5 3. Nd2 c5 4. exd5 exd5 5. Ngf3 a6 6. dxc5 Bxc5 7. Nb3 Ba7 8.
Qe2+ Ne7 9. Be3 Bxe3 10. Qxe3 O-O 11. O-O-O Nbc6 12. Nfd4 Re8 13. Bd3 a5 14.
Rhe1 Bd7 15. Nxc6 Nxc6 16. Qf4 Rxe1 17. Rxe1 a4 18. Nd2 a3 19. b3 Be6 20. Nf3
1/2-1/2

[Event "34th Olympiad"]
[Site "Istanbul TUR"]
[Date "2000.11.01"]
[Round "5"]
[White "Zjukin, S."]
[Black "Oral, T."]
[Result "1/2-1/2"]
[WhiteElo "2402"]
[BlackElo "2531"]
[PlyCount "80"]
[EventDate "2000.10.28"]

1. e4 c5 2. Nf3 Nc6 3. d4 cxd4 4. Nxd4 Qc7 5. Nb5 Qb8 6. c4 e6 7. Be3 Nf6 8.
N5c3 b6 9. Nd2 Bc5 10. Bxc5 bxc5 11. Rb1 O-O 12. Be2 Nd4 13. O-O e5 14. Bd3 d6
15. Ne2 Bg4 16. f3 Nxe2+ 17. Qxe2 Be6 18. Rfd1 Qc7 19. Nf1 Nd7 20. Bc2 Nb6 21.
Ne3 a5 22. Rd2 a4 23. b3 axb3 24. axb3 Nc8 25. Nd1 Bd7 26. Nc3 Bc6 27. Rbd1 Qe7
28. Nb5 Rd8 29. Qe3 Bxb5 30. cxb5 Na7 31. Bd3 Rab8 32. Qe2 Rb6 33. Ra2 Rdb8 34.
Ra5 h6 35. Rda1 R6b7 36. Bc4 Qd7 37. Bd5 Rc7 38. Bc4 Rcb7 39. Bd5 Rc7 40. Bc4
Rcb7 1/2-1/2

[Event "34th Olympiad"]
[Site "Istanbul TUR"]
[Date "2000.11.02"]
[Round "6"]
[White "Phiri, M."]
[Black "Zjukin, S."]
[Result "0-1"]
[WhiteElo "2114"]
[BlackElo "2402"]
[PlyCount "54"]
[EventDate "2000.10.28"]

1. e4 c5 2. Nf3 Nc6 3. d4 cxd4 4. Nxd4 Nf6 5. Nc3 e5 6. Ndb5 d6 7. Bg5 a6 8.
Na3 b5 9. Nd5 Be7 10. Bxf6 Bxf6 11. c3 O-O 12. Nc2 Rb8 13. Be2 Bg5 14. Nce3 a5
15. a4 bxa4 16. Qxa4 Ne7 17. b4 axb4 18. cxb4 Bb7 19. Qb3 Bxe3 20. fxe3 Nxd5
21. exd5 Qh4+ 22. Kf1 Rfc8 23. Rd1 Rc7 24. g3 Qe4 25. Kf2 Rc2 26. b5 Rbc8 27.
Qd3 Rxe2+ 0-1